Thi pháp của huyền thoại
Sách trình bày những lý thuyết mới nhất về huyền thọai và cách tiếp cận văn học từ góc độ nghi lễ, huyềnthọai; những hình thức cổ điển của huyền thoại và sự thể hiện chúng trong truyện kể dân gian, "chủ nghĩa huyền thoại"...
Salvato in:
| Autore principale: | |
|---|---|
| Natura: | Libro |
| Lingua: | Undetermined |
| Pubblicazione: |
Hà Nội
Đại học Quốc gia Hà Nội
2004
|
| Soggetti: | |
| Tags: |
Aggiungi Tag
Nessun Tag, puoi essere il primo ad aggiungerne! !
|
| Thư viện lưu trữ: | Trung tâm Học liệu Trường Đại học Cần Thơ |
|---|
| LEADER | 01082nam a2200241Ia 4500 | ||
|---|---|---|---|
| 001 | CTU_114689 | ||
| 008 | 210402s9999 xx 000 0 und d | ||
| 020 | |c 45900 | ||
| 082 | |a 808.3 | ||
| 082 | |b M519 | ||
| 100 | |a Meletinsky, E. M | ||
| 245 | 0 | |a Thi pháp của huyền thoại | |
| 245 | 0 | |c Meletinsky, E. M; Trần Nho Thìn, Song Mộc dịch | |
| 260 | |a Hà Nội | ||
| 260 | |b Đại học Quốc gia Hà Nội | ||
| 260 | |c 2004 | ||
| 520 | |a Sách trình bày những lý thuyết mới nhất về huyền thọai và cách tiếp cận văn học từ góc độ nghi lễ, huyềnthọai; những hình thức cổ điển của huyền thoại và sự thể hiện chúng trong truyện kể dân gian, "chủ nghĩa huyền thoại" trong văn học thế kỷ XX | ||
| 526 | |a Huyền thoại và văn học | ||
| 526 | |b XH662 | ||
| 650 | |a Literature | ||
| 650 | |x History and criticsm | ||
| 904 | |i M.Loan | ||
| 980 | |a Trung tâm Học liệu Trường Đại học Cần Thơ | ||